Les États des États-Unis sur une carte vierge - Statistiques

Statistiques générales
  • Ce quiz a été pris 3 894 fois
  • Le résultat moyen est 41 sur 50
Réponses sur la Carte
Les réponses sont colorées sur une échelle allant du rouge au vert en fonction du pourcentage des utilisateurs qui les ont devinées à leur premier essai. Vous pouvez retrouver ces pourcentages ci-dessous.
 
Statistiques - réponses
Stati % Correct
Texas
95%
Californie
94%
New York
94%
Washington
93%
Alabama
91%
Floride
91%
Caroline du Nord
89%
Caroline du Sud
89%
Alaska
88%
Nouveau-Mexique
88%
Arizona
87%
Dakota du Nord
87%
Dakota du Sud
87%
Nevada
87%
Arkansas
86%
Louisiane
85%
Mississippi
85%
Ohio
85%
Colorado
83%
Géorgie
83%
Hawaï
83%
Kansas
83%
Utah
83%
Virginie
83%
Idaho
81%
Illinois
81%
Maine
81%
Michigan
80%
New Jersey
80%
Oregon
80%
Kentucky
79%
Wyoming
79%
Indiana
77%
Iowa
77%
Montana
77%
Pennsylvanie
77%
Tennessee
77%
Massachusetts
76%
Minnesota
76%
Missouri
76%
Vermont
76%
Wisconsin
76%
Oklahoma
75%
Virginie Occidentale
75%
Connecticut
74%
Delaware
74%
Nebraska
74%
New Hampshire
74%
Rhode Island
72%
Maryland
71%
Aucun quiz correspondant
Distribution des résultats
% des personnes avec chaque résultat
Percentile par nombre de réponses
Votre historique - résultats
Vous n’avez pas pris ce quiz